Umění cítit se líp : jak léčím své duševní zdraví (a vy můžete taky) /

Hlavní autor: Heindow, Matilda
Další autoři: Musilová, Anna, 1996-
Jazyk: Čeština
Vydáno: Praha : Euromedia Group, 2025
Vydání: Vydání první
Edice: Esence
Témata:
Fyzický popis: 192 stran : barevné ilustrace ; 19 cm
Knihy
Uloženo v:
LEADER 02288nam a2200649 i 4500
001 nkc20253692372
003 CZ PrNK
005 20251216124935.0
007 ta
008 250701s2025 xr a e f 000 0 cze
015 |a cnb003692372 
020 |a 978-80-284-0441-3  |q (vázáno) 
035 |a (OCoLC)1568017181 
040 |a BOA001  |b cze  |e rda 
041 1 |a cze  |h eng 
072 7 |a 613  |x Hygiena. Lidské zdraví  |2 Konspekt  |9 14 
080 |a 613.86  |2 MRF 
080 |a 613  |2 MRF 
080 |a 316.648.4  |2 MRF 
080 |a 159.923.5-022.211  |2 MRF 
080 |a 615.8-022.214  |2 MRF 
080 |a 17.02  |2 MRF 
080 |a (035)  |2 MRF 
100 1 |a Heindow, Matilda  |7 mzk20251279003  |4 aut 
240 1 0 |a Art of feeling better.  |l Česky 
245 1 0 |a Umění cítit se líp :  |b jak léčím své duševní zdraví (a vy můžete taky) /  |c Matilda Heindow ; přeložila Anna Vlach Musilová 
250 |a Vydání první 
264 1 |a Praha :  |b Euromedia Group,  |c 2025 
300 |a 192 stran :  |b barevné ilustrace ;  |c 19 cm 
336 |a text  |b txt  |2 rdacontent 
336 |a statický obraz  |b sti  |2 rdacontent 
337 |a bez média  |b n  |2 rdamedia 
338 |a svazek  |b nc  |2 rdacarrier 
490 1 |a Esence 
500 |a Přeloženo z angličtiny 
650 0 7 |a duševní zdraví  |7 ph119649  |2 czenas 
650 0 7 |a péče o zdraví  |7 ph124852  |2 czenas 
650 0 7 |a změna postoje  |7 ph615993  |2 czenas 
650 0 7 |a pozitivní myšlení  |7 ph124475  |2 czenas 
650 0 7 |a autoterapie  |7 ph221954  |2 czenas 
650 0 7 |a životní harmonie  |7 ph138147  |2 czenas 
650 0 9 |a mental health  |2 eczenas 
650 0 9 |a health care  |2 eczenas 
650 0 9 |a attitude change  |2 eczenas 
650 0 9 |a positive thinking  |2 eczenas 
650 0 9 |a autotherapy  |2 eczenas 
650 0 9 |a harmony of life  |2 eczenas 
655 7 |a příručky  |7 fd133209  |2 czenas 
655 9 |a handbooks and manuals  |2 eczenas 
700 1 |a Musilová, Anna,  |d 1996-  |7 hka2018998595  |4 trl 
830 0 |a Esence  |0 s 
910 2 |a BOA001  |b 1-1552.639 
990 |a BK 
995 |a 01 
991 |b 202511  |c NOV 
996 6 |b 2611017474  |c 1-1552.639  |l MZK  |r Sklad / do 1 hodiny  |n 0  |p p.v.  |w 002024140  |u 000010  |a 1  |e BOA001  |j MZK50  |s P 
996 7 |b 2611018441  |c 1-1552.639  |l Vol.výběr  |r VV 0p  |n 3  |p kup  |h 613.86 HEI  |w 002024140  |u 000020  |a 0  |e BOA001  |j MZK50  |s A